000
00328nam a2200133Ia 4500
008
240624s9999 xx 000 0 und d
041
_a
eng
082
_a
823 KEL
100
_a
KELLERMAN FAYE
245
_a
BURNT HOUSE
260
_c
2008
_a
New York
_b
Harper Collins Publishers
300
_a
464 : p. : cm. ; 17
365
_c
RS
_b
20
999
_c
13930
_d
13930